00325cam a22001097a 4500008004000000082001600040100002500056245006700081260002500148300001000173650003200183180718b1993 xxu||||| |||| 00| 0 eng d aA42x54 Si64 aSingh, Guru Prasanna aPrinciples of statutory interpretationcby Guru Prasanna Singh aNagpurbWadhwac1993 a715p. aIndia - Laws, Statutes etc.